LEADER 01195nam a2200277 i 4500 001 000000239360 003 CaOOAMICUS 005 20150226000000.0 008 150226s1967 it u000 u ita u 013 $a218265 040 $aSeMil$bita 100 1 $aRobinson, Joan.$0(OLS)http://semarc/name/39284 240 10$aIntroduction to the theory of employment.$0(OLS)http://semarc/title/340826 245 10$aTeoria dell'occupazione e altri saggi /$cJoan Robinson. 250 $a2. ed. 260 $aMilano :$bEtas Kompass,$c1967 (copyr. 1966) 300 $a269 p. ;$c22 cm. 490 0 $aBiblioteca di economia, sociologia, organizzazione ;$v37 500 $aContiene : Appendice. 650 4$aLavoro.$0(OLS)http://semarc/subject/16076 650 4$aPolitica e economia - Sec. 20.$0(OLS)http://semarc/subject/9948 830 0$aBiblioteca di economia, sociologia, organizzazione ;$v37.$0(OLS)http://semarc/title/20163 850 $aSeMil 852 $aSeMil$W1$xVenegono$y1$m3N II 186$j189706$B189706$CSeMilBibl$Z2$F200511 $81 996 $6245$aTeoria dell'occupazione e altri saggi$9(OLS)http://semarc/title/340825 996 $6260$aMilano :$bEtas Kompass$9(OLS)http://semarc/publisher/33691 LEADER 01139nam a2200253 i 4500 001 000000115917 003 CaOOAMICUS 005 20030603000000.0 008 030603s1929 it u000 u ita u 013 $a88606 040 $aSeMil$bita 100 1 $aNebuloni, Claudio.$0(OLS)http://semarc/name/48429 245 10$aLezioni di Storia della Chiesa :$butilissime come libro di lettura /$cClaudio Nebuloni. 250 $a2. ed., riveduta e corretta. 260 $aTorino ; Genova [etc.] :$bSocietà Editrice Internazionale,$c1929. 300 $a159 p. :$bill. ;$c20 cm. 500 $aContiene : Serie cronologica dei Concili Ecumenici. - Fondo Card. C.M. Martini. 650 4$aChiesa - Storia - Manuali.$0(OLS)http://semarc/subject/3352 850 $aSeMil 852 $aSeMil$W1$xVenegono$y1$m3A I 139$j71409$B71409$CSeMilBibl$Z2$F94278 $81 941 1 $a4 961 $aOmaggio: Martini Card. Carlo Maria 996 $6245$aLezioni di Storia della Chiesa :$butilissime come libro di lettura$9(OLS)http://semarc/title/169870 996 $6260$aTorino ; Genova [etc.] :$bSocietà Editrice Internazionale$9(OLS)http://semarc/publisher/31868